000 02968pam a2200769 a 4500
020 _a0060410132
082 0 0 _a526.9
_bWOL
_cN-01,P-155
100 1 _aWolf, Paul R.
_919394
245 1 0 _aElementary surveying /
_cPaul R. Wolf, Russell C. Brinker.
250 _a8th ed.
260 _aNew York :
_bHarper & Row,
_cc1989.
300 _axxii, 696 p. :
_bill. ;
_c24 cm.
500 _aBrinker's name appears first on the earlier edition.
526 _a0
_b0
_c0
_d526_900000000000000_WOL
526 _a0
_b0
_c0
_d526_900000000000000_WOL
526 _a0
_b0
_c0
_d526_900000000000000_WOL
526 _a0
_b0
_c0
_d526_900000000000000_WOL
526 _a0
_b0
_c0
_d526_900000000000000_WOL
526 _a0
_b0
_c0
_d526_900000000000000_WOL
526 _a0
_b0
_c0
_d526_900000000000000_WOL
526 _a0
_b0
_c0
_d526_900000000000000_WOL
526 _a0
_b0
_c0
_d526_900000000000000_WOL
526 _a0
_b0
_c0
_d526_900000000000000_WOL
526 _a0
_b0
_c0
_d526_900000000000000_WOL
526 _a0
_b0
_c0
_d526_900000000000000_WOL
526 _a0
_b0
_c0
_d526_900000000000000_WOL
526 _a0
_b0
_c0
_d526_900000000000000_WOL
526 _a0
_b0
_c0
_d526_900000000000000_WOL
526 _a0
_b0
_c0
_d526_900000000000000_WOL
526 _a0
_b0
_c0
_d526_900000000000000_WOL
526 _a0
_b0
_c0
_d526_900000000000000_WOL
526 _a0
_b0
_c0
_d526_900000000000000_WOL
526 _a0
_b0
_c0
_d526_900000000000000_WOL
526 _a0
_b0
_c0
_d526_900000000000000_WOL
526 _a0
_b0
_c0
_d526_900000000000000_WOL
526 _a0
_b0
_c0
_d526_900000000000000_WOL
526 _a0
_b0
_c0
_d526_900000000000000_WOL
526 _a0
_b0
_c0
_d526_900000000000000_WOL
526 _a0
_b0
_c0
_d526_900000000000000_WOL
526 _a0
_b0
_c0
_d526_900000000000000_WOL
526 _a0
_b0
_c0
_d526_900000000000000_WOL
526 _a0
_b0
_c0
_d526_900000000000000_WOL
526 _a0
_b0
_c0
_d526_900000000000000_WOL
526 _a0
_b0
_c0
_d526_900000000000000_WOL
526 _a0
_b0
_c0
_d526_900000000000000_WOL
526 _a0
_b0
_c0
_d526_900000000000000_WOL
526 _a0
_b0
_c0
_d526_900000000000000_WOL
526 _a0
_b0
_c0
_d526_900000000000000_WOL
526 _a0
_b0
_c0
_d526_900000000000000_WOL
526 _a0
_b0
_c0
_d526_900000000000000_WOL
526 _a0
_b0
_c0
_d526_900000000000000_WOL
526 _a0
_b0
_c0
_d526_900000000000000_WOL
526 _a0
_b0
_c0
_d526_900000000000000_WOL
526 _a0
_b0
_c0
_d526_900000000000000_WOL
526 _a0
_b0
_c0
_d526_900000000000000_WOL
526 _a0
_b0
_c0
_d526_900000000000000_WOL
526 _a0
_b0
_c0
_d526_900000000000000_WOL
526 _a0
_b0
_c0
_d526_900000000000000_WOL
526 _a0
_b0
_c0
_d526_900000000000000_WOL
526 _a0
_b0
_c0
_d526_900000000000000_WOL
526 _a0
_b0
_c0
_d526_900000000000000_WOL
526 _a0
_b0
_c0
_d526_900000000000000_WOL
526 _a0
_b0
_c0
_d526_900000000000000_WOL
650 0 _aSurveying.
700 1 _aBrinker, Russell C.
_937707
942 _2ddc
_cBK
999 _c542527
_d542527